000 00957nas a2200313 4500
001 BR0601766
003 BR-BrBNA
005 20231205105952.0
007 ta
008 230509b bl.|||p| |||| 00| 00por d
040 _aBR-BrBNA
_bpor
_cBiblioteca Nacional de Agricultura
041 _a(Pt)
072 _aF04; F30
100 1 _aSmiderle, O.J.
100 1 _aMourão Júnior, M.
100 1 _aGianluppi, D.
100 1 _aCastro, C. de
245 1 _aAdubação nitrogenada e precipitação que influênciam nas características agronômicas do girassol no cerrado de Roraima
650 _aGIRASSOL
650 _aÓLEO
650 _aCARACTERISTICAS AGRONÔMICAS
650 _aADUBAÇÃO
650 _aNITROGÊNIO
650 _aPRODUTIVIDADE
650 _aRORAIMA
773 0 _tRevista Científica Rural (Brazil)
_xISSN 1413-8263
_g(2005), v. 10(2) p. 94-101
_wBR0601766
909 _a202311
_bLúcia
_c55
_dLúcia Elande
942 _2AGRIS
_n0
_cANA
999 _c185602
_d185602